1696 1201 1408 1551 1396 1824 1022 1760 1182 1613 1082 1186 1960 1528 1639 1108 1690 1823 1416 1749 1402 1283 1082 1556 1693 1596 1577 1451 1734 1634 1124 1708 1050 1913 1906 1278 1233 1732 1604 1581 1457 1072 1960 1571 1502 1066 1946 1442 1305 1462 1015 1517 1302 1565 1536 1203 1323 1026 1799 1976 1801 1928 1817 1743 1724 1331 1946 1988 1097 1154 1699 1626 1634 1304 1250 1734 1322 1797 1031 1259 1744 1494 1440 1938 1034 1171 1451 1754 1450 1518 1338 1751 1914 1798 1087 1701 1648 1521 1677 BCNSPRNW ULIB Ver.6.0+V

เปลี่ยนเป็นภาษาไทย

Change to English
 แสดงรายละเอียดบรรณานุกรม
  กลับหน้าหลัก

Brief Record : Get Marc (ISO 2709) : E-mail record : QR code < ปิดหน้าต่าง
LEADER : 00000nam 2200000uu 4500
001    13399114071
003     ULIB
008    120214s2546||||th 000 0 tha d
020    ^a974962663X
060 04 ^aWA380^bอ692ป 2546
100 0  ^aอำพล จินดาวัฒนะ
245 10 ^aปฏิรูปสุขภาพ:ปฏิรูปชีวิตและสังคม^bบันทึกเสี้ยวหนึ่งของการปฏิรูประบบสุขภาพ/^cอำพล จินดาวัฒนะ
250    ^aพิมพ์ครั้งที่ 1
260    ^a[นนทบุรี] :^bสำนักงานปฏิรูประบบสุขภาพแห่งชาติ,^c2546
300    ^a[9], 227 หน้า :^bภาพประกอบ ;^c21 ซม
500    ^aสนับสนุนโดย สถาบันวิจัยระบบสาธารณสุข
650  7 ^aนโยบายสาธารณสุข
650  7 ^aบริการทางการแพทย์
650  7 ^aการปฏิรูประบบสุขภาพ
710 2  ^aสำนักงานปฏิรูประบบสุขภาพแห่งชาติ
710    ^aสถาบันวิจัยระบบสาธารณสุข
945    ^p0^l0^i12430
995    ^aกัณชพร
999    ^aใช้งานได้ทุกระบบ
รายการนี้ยังไม่มีแท็ก
คุณยังไม่ได้ล็อกอิน คุณสามารถมีกิจกรรมร่วมกับเว็บไซต์ได้ แต่ต้องล็อกอินก่อน ::
  ล็อกอิน

รายการสื่อสารสนเทศ

ลำดับที่ ประเภท เลขเรียก/บาร์โค้ด สถานที่ สถานะ
- ไม่พบข้อมูล -

รายการใกล้เคียง
    ผู้แต่ง [อำพล จินดาวัฒนะ]

    หัวเรื่อง [นโยบายสาธารณสุข]
    หัวเรื่อง [บริการทางการแพทย์]
    หัวเรื่อง [การปฏิรูประบบสุขภาพ]

BibComment


ยังไม่เคยถูกคอมเมนท์

คอมเมนท์ทรัพยากรรายการนี้
  คอมเมนท์: ปฏิรูปสุขภาพปฏิร..


 Copyright 2026. Bcnsprnw @Library